El seyano germánico Alberto Wenceslao Eusebio de Wolstein, Duque de Mekelburg... (Record no. 161641)

MARC details
000 -LEADER
campo de control de longitud fija 00906nam a22001935i 4500
001 - NÚMERO DE CONTROL
campo de control 161641
003 - IDENTIFICADOR DE NÚMERO DE CONTROL
campo de control ES-MaACL
005 - FECHA Y HORA DE LA ÚLTIMA TRANSACCIÓN
campo de control 20240515063124.0
008 - DATOS DE LONGITUD FIJA--INFORMACIÓN GENERAL
campo de control de longitud fija 041022s1806 sp |||| | spa d
040 ## - FUENTE DE CATALOGACIÓN
Centro catalogador/agencia de origen CAM
Lengua de catalogación spa
Centro/agencia transcriptor CAM
100 1# - ENTRADA PRINCIPAL--NOMBRE DE PERSONA
Nombre de persona Pellicer de Ossau y Tovar, José,
Fechas asociadas al nombre 1602-1679
9 (RLIN) 90090
245 13 - MENCIÓN DEL TÍTULO
Título El seyano germánico Alberto Wenceslao Eusebio de Wolstein, Duque de Mekelburg...
Resto del título : trayciones que dispuso, rebelión que formó y levantamiento que meditaba contra la Magestad Imperial... /
Mención de responsabilidad, etc. sacada de los mas fieles y verdaderos originales por Don Joseph Pellicer de Tobar y Abarca...
260 ## - PUBLICACIÓN, DISTRIBUCIÓN, ETC.
Lugar de publicación, distribución, etc. Madrid :
Nombre del editor, distribuidor, etc. [s.n.],
Fecha de publicación, distribución, etc. 1806 (
Fabricante En la imprenta de la calle de Relatores)
300 ## - DESCRIPCIÓN FÍSICA
Extensión [8], 207 p. ;
Dimensiones 15 cm.
597 ## - NOTA DE DESCRIPCIÓN FÍSICA
NOTA DE DESCRIPCIÓN FÍSICA Sign.: []4, A-N8.
651 ## - PUNTO DE ACCESO ADICIONAL DE MATERIA--NOMBRE GEOGRÁFICO
Nombre geográfico Europa-
Subdivisión general Historia.
9 (RLIN) 8599
852 ## - LOCALIZACIÓN
Ubicación ES-MaACL
Número de control de estantería R-3196
Encuadernación Olim:G-10793
Nota libre -- Enc. pasta española
Holdings
Estatus retirado Estado de pérdida Estado de daño No para préstamo Colección Biblioteca de origen Biblioteca actual Ubicación en estantería Fecha de adquisición Total de préstamos Signatura topográfica completa Código de barras Visto por última vez Precio de reemplazo Tipo de ítem Koha
        Libros del s. XIX Biblioteca del Ateneo de Madrid Biblioteca del Ateneo de Madrid Depósito 17/01/2008   R-3196 1169320 23/02/2023 23/02/2023 Libro impreso antiguo